Blank Space lyrics - Statistics

General Stats
  • This quiz has been taken 2,604 times
  • The average score is 387 of 500
Answer Stats
Lyrics % Correct
Ay
100%
I
99%
you,
98%
you
98%
You
98%
a
97%
to
97%
be
96%
in
96%
me
96%
go
95%
and
94%
And
94%
love
94%
the
94%
can
93%
my
93%
when
93%
it
91%
where
91%
your
90%
for
89%
I'm
89%
game,
88%
game
88%
it's
88%
like
88%
like,
88%
"Oh,
88%
oh
88%
"Oh
88%
on
87%
play?"
87%
show
87%
tell
87%
who
87%
been?
86%
blank
86%
Nice
86%
space,
86%
things
86%
Got
85%
got
85%
meet
85%
So
85%
that
85%
forever,
84%
God,
84%
gonna
84%
incredible
84%
down
83%
insane
83%
lovers
83%
over,
83%
baby,
82%
baby
82%
if
82%
look
82%
name
82%
or
82%
flames
80%
mistake
80%
next
80%
of
80%
write
80%
at
79%
ex
79%
face
79%
wanna
79%
could
78%
I'll
78%
list
78%
long
77%
pain
77%
sin
77%
Magic,
76%
They'll
76%
worth
76%
heaven,
75%
But
74%
was
74%
know
73%
madness,
73%
make
73%
read
73%
this
73%
Love's
72%
magazine
72%
want,
72%
want
72%
'Cause
71%
'Cause,
71%
there
71%
is
70%
good
69%
bad
68%
players
68%
Saw
68%
Boys
67%
high
67%
I've
67%
money,
67%
say
67%
tie
67%
weekend
67%
thought,
66%
only
65%
Don't
64%
leave
64%
didn't,
63%
didn't
63%
guys
63%
New
63%
see
63%
suit
63%
too
63%
far
62%
how
62%
one
62%
we're
62%
with
62%
friends
61%
hand
61%
let's
61%
scar
61%
torture
61%
way
61%
ends
60%
nasty
60%
passport
60%
take
60%
warn
60%
Grab
59%
hey,
59%
reckless,
58%
she?"
56%
young
56%
about
55%
breathless
55%
dying
55%
heard
55%
rumors
54%
we'll
54%
funny,
53%
Ain't
51%
daydream
51%
nightmare
51%
all
50%
come,
50%
come
50%
drunk
50%
fly
50%
get
50%
dressed
49%
girl
49%
jealousy
49%
It'll
48%
no
48%
tables
48%
turn
48%
what
47%
month
46%
Queen
46%
ya
46%
darling,
45%
You're
45%
King,
43%
crying,
42%
out
42%
Screaming,
42%
perfect
41%
time
41%
back
40%
Find
40%
yet
40%
worst
38%
you'll
38%
crystal
37%
each
37%
lips,
37%
lies
36%
Rose
36%
Cherry
35%
filled
34%
garden
34%
kisses,
33%
skies
33%
storms
33%
pretty
32%
thorns
32%
Stolen
29%
second
28%
Keep
26%
guessing
25%
Wait,
24%
No matching quizzes found
Score Distribution
Percent of People with Each Score
Percentile by Number Answered
Your Score History
You have not taken this quiz